000 00921nam a2200265Ia 4500
003 OSt
005 20221005111147.0
006 a|||||r|||| 00| 0
007 ta
008 221004b |||||||| |||| 00| 0 hin d
020 _a8181436709 (hbk)
_c200
024 _a11100
037 _b330, 20/03/2014, Vani Prakashan
_cTextual
040 _aCRL
_cCRL
_bhin
041 _2hin
_ahin
082 _aO152,8N33x, N6;P7
100 _aजोशी, मनोहर श्याम
245 0 _aकक्काजी कहिन
246 _aKakkājī kahina
260 _aनई दिल्ली
_bवाणी प्रकाशन भारत
_c2007
300 _a175पृ0
_ccm.
650 _aहिन्दी साहित्य
942 _hO152,8N33x, N6;P7
_cTEXL
_2cc
999 _c1020991
_d1020991